Heat and mass transfer (Record no. 5861)

000 -LEADER
fixed length control field 00529nam a2200205 4500
001 - CONTROL NUMBER
control field 5861
003 - CONTROL NUMBER IDENTIFIER
control field BD-DhUET
008 - FIXED-LENGTH DATA ELEMENTS--GENERAL INFORMATION
fixed length control field 700409m19679999is a b 000 0 eng
040 ## - CATALOGING SOURCE
Original cataloging agency DLC
Transcribing agency DLC
Modifying agency BD-DhUET
082 00 - DEWEY DECIMAL CLASSIFICATION NUMBER
Classification number 621.011
Item number ECK/1959
100 ## - MAIN ENTRY--PERSONAL NAME
Personal name Eckert, R. R. G.
245 00 - TITLE STATEMENT
Title Heat and mass transfer
250 ## - EDITION STATEMENT
Edition statement 2nd ed.
260 ## - PUBLICATION, DISTRIBUTION, ETC. (IMPRINT)
Place of publication, distribution, etc. New York
Name of publisher, distributor, etc. McGraw-Hill
Date of publication, distribution, etc. 1959
300 ## - PHYSICAL DESCRIPTION
Extent xiv, 530p.
490 1# - SERIES STATEMENT
Series statement McGraw-Hill series in mechanical engineering
650 #0 - SUBJECT ADDED ENTRY--TOPICAL TERM
Topical term or geographic name as entry element Heat-Transmission
700 ## - ADDED ENTRY--PERSONAL NAME
Personal name Drake, Robert M.
942 ## - ADDED ENTRY ELEMENTS (KOHA)
Koha item type General Book
Holdings
Price effective from Withdrawn status Shelving location Not for loan Koha normalized classification for sorting Koha item type Date acquired Piece designation (barcode) Damaged status Source of classification or shelving scheme Location (home branch) Lost status Sublocation or collection (holding branch) Copy number Koha issues (times borrowed) Koha date last borrowed Koha full call number Koha date last seen
2014-11-29 Circulation section 621_011000000000000_ECK_1959General Book2014-11-2936668  Central Library, BUET Central Library, BUET   621.011/ECK/19592014-11-29
2014-12-03 Circulation section 621_000000000000000_011ECK1959General Book2014-12-0314884  Central Library, BUET Central Library, BUET2  621.011/ECK/19592014-12-03
2015-04-12 Circulation section 621_011000000000000_ECK_1959General Book2015-04-1211302  Central Library, BUET Central Library, BUET3  621.011/ECK/19592015-04-12
2015-04-12 Circulation section 621_011000000000000_ECK_1959General Book2015-04-1231276  Central Library, BUET Central Library, BUET4  621.011/ECK/19592015-04-12
2015-04-12 Circulation section 621_011000000000000_ECK_1959General Book2015-04-1231274  Central Library, BUET Central Library, BUET5  621.011/ECK/19592015-04-12
2015-04-12 Circulation section 621_011000000000000_ECK_1959General Book2015-04-1231271  Central Library, BUET Central Library, BUET6  621.011/ECK/19592015-04-12
2015-04-12 Circulation section 621_011000000000000_ECK_1959General Book2015-04-1231272  Central Library, BUET Central Library, BUET7  621.011/ECK/19592015-04-12
2015-04-13 Circulation section 621_011000000000000_ECK_1959General Book2015-04-1331277  Central Library, BUET Central Library, BUET812020-03-02621.011/ECK/19592021-11-28
2015-04-13 Circulation section 621_011000000000000_ECK_1959General Book2015-04-1311301  Central Library, BUET Central Library, BUET9  621.011/ECK/19592015-04-13
2015-04-13 Circulation section 621_011000000000000_ECK_1959General Book2015-04-1311303  Central Library, BUET Central Library, BUET10  621.011/ECK/19592015-04-13
2015-04-13 Circulation section 621_011000000000000_ECK_1959General Book2015-04-1324625  Central Library, BUET Central Library, BUET11  621.011/ECK/19592015-04-13
2015-04-13 Circulation section 621_011000000000000_ECK_1959General Book2015-04-137652  Central Library, BUET Central Library, BUET12  621.011/ECK/19592015-04-13
2015-04-13 Circulation section 621_011000000000000_ECK_1959General Book2015-04-1324320  Central Library, BUET Central Library, BUET13  621.011/ECK/19592015-04-13
2015-04-13 Circulation section 621_011000000000000_ECK_1959General Book2015-04-1324976  Central Library, BUET Central Library, BUET14  621.011/ECK/19592015-04-13
2015-04-13 Circulation section 621_011000000000000_ECK_1959General Book2015-04-1331275  Central Library, BUET Central Library, BUET15  621.011/ECK/19592015-04-13
2015-06-16 Reading section 621_011000000000000_ECK_1959General Book2015-06-167655  Central Library, BUET Central Library, BUET16  621.011/ECK/19592015-06-16